Novela zákona o daniach z príjmov

Zákon č. 473/2002 významným spôsobom dopĺňa niektoré ustanovenia zákona č. 366/1999 Z.z. o daniach z príjmov v znení neskorších predpisov. Prehľad a informácia o zmenách, ktoré budeme v tomto zákone uplatňovať. Praktické príklady.

Saved in:
Bibliographic Details
Main Author: Markovičová, Eva
Format: Book Chapter
Language:Slovak
Subjects:
Tags: Add Tag
No Tags, Be the first to tag this record!

MARC

LEADER 00000naa a2200000 4500
001 r047290
005 20230919120950.1
041 0 |a slo 
044 |a SK 
245 1 0 |a Novela zákona o daniach z príjmov  |c Eva Markovičová 
520 |a Zákon č. 473/2002 významným spôsobom dopĺňa niektoré ustanovenia zákona č. 366/1999 Z.z. o daniach z príjmov v znení neskorších predpisov. Prehľad a informácia o zmenách, ktoré budeme v tomto zákone uplatňovať. Praktické príklady. 
610 2 0 |a dane z príjmov 
610 2 0 |a zákony 
610 2 0 |a novelizácia 
610 2 0 |a dane paušálne 
610 2 0 |a odpisy daňové 
610 2 0 |a Slovensko 
100 1 |a Markovičová, Eva